| 000 | 00541nam a22001697a 4500 | ||
|---|---|---|---|
| 003 | OSt | ||
| 005 | 20171010095507.0 | ||
| 008 | 120810t xxu||||| |||| 00| 0 eng d | ||
| 040 |
_aMMSU _cULS |
||
| 100 |
_aEdulian Miriam B. _911945 |
||
| 245 |
_aEffects of colchicine treatment on garlic (Allium Sativum L.) _cMiriam B. Edulian |
||
| 260 | _c1983 | ||
| 300 |
_av, 88 leaves _c28 cm. |
||
| 500 | _aThesis (MS Biology) -- University of the Philippines, Diliman, Quezon City | ||
| 504 | _aBibliography: leaves 38-53 | ||
| 942 |
_2ddc _cTHEDIS |
||
| 999 |
_c9689 _d9689 |
||